00364nam a2200157Ia 4500008004100000020001500041041001200056082001600068100001800084245003300102250000800135260002500143300000800168650001400176700001600190221030s9999 xx 000 0 und d a0074622358 aEnglish a105.23bSin aA. P. Malvino 0aDigital Computer Electronics a3rd bTMHaNew Delhic2002 a522 aComputers aJ. A. Brown